Minority protection in South Asia (Record no. 561)
[ view plain ]
| 000 -LEADER | |
|---|---|
| fixed length control field | 006620000a22002410004500 |
| 003 - CONTROL NUMBER IDENTIFIER | |
| control field | LK-CoMWRAF |
| 005 - DATE AND TIME OF LATEST TRANSACTION | |
| control field | 20231127150840.0 |
| 008 - FIXED-LENGTH DATA ELEMENTS--GENERAL INFORMATION | |
| fixed length control field | 230817t2003 ||||| |||| 00| 0 eng d |
| 020 ## - INTERNATIONAL STANDARD BOOK NUMBER | |
| International Standard Book Number | 8174764526 |
| 040 ## - CATALOGING SOURCE | |
| Original cataloging agency | LK-CoMWRAF |
| Modifying agency | LK-CoMWRAF |
| Description conventions | LK-CoMWRAF |
| 041 ## - LANGUAGE CODE | |
| Language code of text/sound track or separate title | English |
| 082 ## - DEWEY DECIMAL CLASSIFICATION NUMBER | |
| Classification number | 323.1 |
| Item number | MIN |
| 942 ## - ADDED ENTRY ELEMENTS (KOHA) | |
| Koha item type | Books |
| 700 ## - ADDED ENTRY--PERSONAL NAME | |
| Personal name | Mohsin, Amena |
| 700 ## - ADDED ENTRY--PERSONAL NAME | |
| Personal name | Mohapatra, Bishnu. N |
| 700 ## - ADDED ENTRY--PERSONAL NAME | |
| Personal name | Lawoti, Mehendra |
| 700 ## - ADDED ENTRY--PERSONAL NAME | |
| Personal name | Uyangoda, Jayadeva |
| 700 ## - ADDED ENTRY--PERSONAL NAME | |
| Personal name | Salim, Ahmad |
| 245 ## - TITLE STATEMENT | |
| Title | Minority protection in South Asia |
| 260 ## - PUBLICATION, DISTRIBUTION, ETC. (IMPRINT) | |
| Place of publication, distribution, etc. | New Delhi: |
| Name of publisher, distributor, etc. | UBS publishers, |
| Date of publication, distribution, etc. | 2003 |
| 300 ## - PHYSICAL DESCRIPTION | |
| Extent | ix; 436 p. |
| Other physical details | Index included |
| 650 ## - SUBJECT ADDED ENTRY--TOPICAL TERM | |
| Topical term or geographic name as entry element | CIVIL RIGHTS- minorities -- South Asia |
| Withdrawn status | Lost status | Damaged status | Not for loan | Permanent Location | Current Location | Date acquired | Full call number | Barcode | Koha item type |
|---|---|---|---|---|---|---|---|---|---|
| Resource center, Muslim Women's Research And Action Forum | Resource center, Muslim Women's Research And Action Forum | 2023-08-17 | 323.1 MIN | RAF3208 | Books |

